000 00553nam a2200181Ia 4500
008 090630s9999 xx 000 0 und d
082 _b18194
100 _aमोरजे अनघा.
245 _aसोनकळी.
_cमोरजे अनघा.
260 _bदिलीपराज- पुणे.
_c2000
300 _a16
600 _aमोरजे अनघा.
630 _aसोनकळी.
655 _aबालवाङमय.
700 _aमोरजे अनघा.
730 _aसोनकळी.
942 _cBOOK
999 _c270050
_d270050